[Event "GER CupT 1819 prel1"]
[Site "Berlin"]
[Date "2019.01.27"]
[Round "2.3"]
[White "Schulz, Michael"]
[Black "Just, Wolfgang"]
[Result "0-1"]
[WhiteElo "2233"]
[BlackElo "2104"]
[PlyCount "90"]
[EventDate "2019.01.26"]
[EventType "team-k.o."]
[EventRounds "2"]
[EventCountry "GER"]
[SourceTitle "EXT 2021"]
[Source "ChessBase"]
[SourceDate "2020.10.23"]
[SourceVersion "1"]
[SourceVersionDate "2020.10.23"]
[SourceQuality "1"]
[WhiteTeam "Spandau Zitadelle"]
[BlackTeam "Leipzig VfB"]
[WhiteTeamCountry "GER"]
[BlackTeamCountry "GER"]

1. d4 e6 2. Nf3 b6 3. e4 d5 4. exd5 exd5 5. Bd3 Nf6 6. 0-0 Be7 7. Bf4 0-0 8. Re1 Bg4 9. h3 Bh5 10. Nbd2 c5 11. c3 Bd6 12. Be5 Nc6 13. Qa4 Qc7 14. Bxf6 gxf6 15. dxc5 bxc5 16. Bxh7+ Kxh7 17. Qh4 Kg6 18. g4 Rh8 19. Kh1 Bf4 20. Rg1 Bg5 21. Nxg5 fxg5 22. gxh5+ Rxh5 23. Qg3 Qxg3 24. Rxg3 Rah8 25. Kg2 Ne7 26. f4 f6 27. fxg5 Nf5 28. gxf6+ Nxg3 29. Kxg3 Rxh3+ 30. Kf4 Kxf6 31. Nf3 Rh1 32. Rxh1 Rxh1 33. Nd2 Ra1 34. c4 dxc4 35. Ne4+ Ke6 36. Nxc5+ Kd5 37. Na4 Kd4 38. Nc3 Rf1+ 39. Kg3 Kd3 40. Kg2 Ra1 41. Kf2 Kc2 42. Ke3 Kxb2 43. Na4+ Kxa2 44. Kd4 Kb3 45. Nc5+ Kb4 0-1

[Event "Leipzig VfB op 25th"]
[Site "Leipzig"]
[Date "2018.03.25"]
[Round "9"]
[White "Guendel, Bernd"]
[Black "Just, Wolfgang"]
[Result "1-0"]
[WhiteElo "2069"]
[BlackElo "2133"]
[PlyCount "85"]
[EventDate "2018.03.20"]
[EventType "swiss"]
[EventRounds "9"]
[EventCountry "GER"]
[SourceTitle "CBM 183 Extra"]
[Source "ChessBase"]
[SourceDate "2018.04.19"]
[SourceVersion "1"]
[SourceVersionDate "2018.04.19"]
[SourceQuality "1"]

1. e4 e6 2. d4 d5 3. Nd2 c5 4. exd5 exd5 5. Bb5+ Nc6 6. Qe2+ Be6 7. dxc5 Bxc5 8. Nb3 Bb6 9. Nf3 Nge7 10. Bg5 0-0 11. 0-0 Qd6 12. Bxc6 Nxc6 13. Qd2 Ne5 14. Nxe5 Qxe5 15. c3 Bc7 16. f4 Bb6+ 17. Kh1 Qf5 18. Rad1 Qg4 19. Be7 Rfe8 20. Bc5 Bf5 21. Rf3 Re4 22. Bxb6 axb6 23. Nd4 Rae8 24. Rdf1 h5 25. Qf2 h4 26. h3 Qh5 27. Nxf5 Qxf5 28. Qxb6 Re2 29. R3f2 g5 30. fxg5 Qxg5 31. Rxe2 Rxe2 32. Rg1 Qe7 33. Qd4 Qg5 34. Qb4 Qd2 35. Qxb7 Qxb2 36. Qxd5 Qxc3 37. a4 Qg3 38. Qc5 Re5 39. Qc8+ Kh7 40. Rf1 Kg7 41. Qb7 Rf5 42. Rxf5 Qe1+ 43. Kh2 1-0

[Event "Rostock SSC op 16th"]
[Site "Rostock"]
[Date "2017.07.28"]
[Round "4"]
[White "Fromm, Marius"]
[Black "Just, Wolfgang"]
[Result "1/2-1/2"]
[WhiteElo "1824"]
[BlackElo "2101"]
[PlyCount "136"]
[EventDate "2017.07.26"]
[EventType "swiss"]
[EventRounds "7"]
[EventCountry "GER"]
[SourceTitle "EXT 2018"]
[Source "ChessBase"]
[SourceDate "2017.10.13"]
[SourceVersion "1"]
[SourceVersionDate "2017.10.13"]
[SourceQuality "1"]

1. Nf3 e6 2. g3 b6 3. Bg2 Bb7 4. c4 f5 5. 0-0 Nf6 6. Nc3 Bb4 7. Qb3 a5 8. a3 Bxc3 9. Qxc3 0-0 10. d3 d6 11. Bd2 Qe7 12. b4 Nbd7 13. Rfb1 e5 14. Qc2 axb4 15. axb4 e4 16. Nd4 exd3 17. exd3 Bxg2 18. Kxg2 Rxa1 19. Rxa1 Qf7 20. Ra7 c5 21. Nf3 Qe6 22. bxc5 dxc5 23. Bc3 f4 24. Qd2 Nh5 25. Qe1 Qd6 26. g4 Qg6 27. h3 Re8 28. Qa1 Nhf6 29. Ne5 Nxe5 30. Bxe5 Qxd3 31. Bxf6 f3+ 32. Kg1 gxf6 33. Qxf6 Qg6 34. Qxf3 Qe6 35. Qb7 Qe1+ 36. Kg2 Qe4+ 37. Qxe4 Rxe4 38. Rb7 Rxc4 39. Rxb6 Kf7 40. Kg3 Rb4 41. Rc6 c4 42. Rc7+ Ke6 43. Rxh7 Kd6 44. Rh8 Rb5 45. Rd8+ Ke5 46. Rd1 Rb3+ 47. f3 c3 48. h4 c2 49. Rc1 Rc3 50. h5 Kf6 51. Kh4 Rc5 52. f4 Rc4 53. f5 Rc8 54. h6 Rc7 55. Kg3 Rc3+ 56. Kh2 Rc7 57. Kg3 Rc3+ 58. Kf2 Rc8 59. Kf3 Rc3+ 60. Ke2 Rc4 61. h7 Kg7 62. Rh1 Kh8 63. Kd2 Rxg4 64. Kxc2 Rg5 65. f6 Rf5 66. Rh6 Rc5+ 67. Kd3 Rd5+ 68. Ke4 Re5+ 1/2-1/2

[Event "Rostock SSC op 16th"]
[Site "Rostock"]
[Date "2017.07.27"]
[Round "3"]
[White "Just, Wolfgang"]
[Black "Stern, Rene"]
[Result "0-1"]
[WhiteElo "2101"]
[BlackElo "2488"]
[PlyCount "176"]
[EventDate "2017.07.26"]
[EventType "swiss"]
[EventRounds "7"]
[EventCountry "GER"]
[SourceTitle "EXT 2018"]
[Source "ChessBase"]
[SourceDate "2017.10.13"]
[SourceVersion "1"]
[SourceVersionDate "2017.10.13"]
[SourceQuality "1"]

1. f4 d5 2. e3 g6 3. Nf3 Bg7 4. d4 Nf6 5. Bd3 0-0 6. 0-0 c5 7. c3 b6 8. Ne5 Ba6 9. Bxa6 Nxa6 10. Bd2 Nc7 11. Be1 Nce8 12. Nd2 Nd6 13. Qe2 Qc7 14. g4 Nfe4 15. Nxe4 Nxe4 16. Nd3 Rac8 17. Bg3 f5 18. gxf5 Rxf5 19. Rf3 Qd7 20. Nf2 Qe6 21. Rf1 Nxf2 22. R3xf2 cxd4 23. exd4 Qxe2 24. Rxe2 Bf6 25. Kg2 Kf7 26. h4 e6 27. Kf3 Rc6 28. Rh1 Rh5 29. Kg4 Ke7 30. Rhe1 Kd7 31. Re3 b5 32. a3 a5 33. b4 Bd8 34. R1e2 Ra6 35. Be1 Bc7 36. Bg3 Rf5 37. Re1 Rf6 38. Rh1 axb4 39. axb4 Ra8 40. h5 Rg8 41. h6 Ra8 42. Rf3 Rf5 43. Re3 Ra2 44. Rhe1 Ra6 45. R1e2 Bd8 46. Re5 Rf8 47. R5e3 Bf6 48. Bf2 Re8 49. Bh4 Ke7 50. Bg5 Kf7 51. Re1 Rc6 52. Rf1 Ra8 53. Rff3 Ra1 54. Rg3 Rca6 55. Rgf3 R6a2 56. Rg3 Rb1 57. Rgf3 Ra3 58. Rg3 Rbb3 59. Ref3 Be7 60. Rh3 Bd6 61. Rhg3 Rb1 62. Re3 Rbb3 63. Ref3 Ke8 64. Bf6 Bf8 65. Bg5 Kd7 66. Rh3 Be7 67. Rhg3 Ra8 68. Re3 Rf8 69. Re2 Ra3 70. Rge3 Ra6 71. Rg2 Bd6 72. Rge2 Bc7 73. Rg2 Bd8 74. Rge2 Bf6 75. Re1 Bh8 76. R1e2 Rc8 77. Re1 Rcc6 78. Rd3 Ra2 79. Ree3 Rca6 80. Rg3 Ke8 81. Rde3 Kf7 82. Ref3 R6a3 83. Re3 Rc2 84. Ref3 Re2 85. Rd3 Bf6 86. Rdf3 Re4 87. Re3 Rxe3 88. Rxe3 Bxd4 0-1

[Event "Rostock SSC 07 op 15th"]
[Site "Rostock"]
[Date "2016.07.27"]
[Round "2"]
[White "Just, Wolfgang"]
[Black "Kotyk, Michael"]
[Result "1-0"]
[WhiteElo "2123"]
[BlackElo "1857"]
[PlyCount "107"]
[EventDate "2016.07.27"]
[EventType "swiss"]
[EventRounds "7"]
[EventCountry "GER"]
[SourceTitle "EXT 2017"]
[Source "ChessBase"]
[SourceDate "2016.10.25"]
[SourceVersion "1"]
[SourceVersionDate "2016.10.25"]
[SourceQuality "1"]

1. f4 d5 2. e3 Nf6 3. Nf3 c5 4. b3 Bg4 5. Bb2 e6 6. Bb5+ Nc6 7. Bxc6+ bxc6 8. d3 Be7 9. Nbd2 Qb6 10. Qe2 a5 11. a4 Rd8 12. 0-0 0-0 13. Qf2 Nd7 14. e4 Bf6 15. Bxf6 Nxf6 16. Ne5 Bh5 17. h3 dxe4 18. Nxe4 Nxe4 19. dxe4 f6 20. Nc4 Qb4 21. g4 Bg6 22. Qe1 Rd7 23. f5 exf5 24. exf5 Bf7 25. Qxb4 axb4 26. Nb6 Ra7 27. Rfd1 c4 28. bxc4 c5 29. a5 Re8 30. Kf2 h5 31. a6 hxg4 32. hxg4 Kh7 33. Rd7 Rxd7 34. Nxd7 Bxc4 35. a7 Bd5 36. Nxc5 Rc8 37. Ra5 Kh6 38. Kg3 Ba8 39. Rb5 Kh7 40. Kf4 Rc7 41. Ra5 Kh6 42. Ke3 Re7+ 43. Ne6 Rb7 44. Kd4 b3 45. cxb3 Rxb3 46. Ra2 Kh7 47. Rh2+ Kg8 48. Rc2 Rb4+ 49. Ke3 Bb7 50. Rc8+ Kh7 51. Rb8 Rb3+ 52. Kd2 Rb2+ 53. Kc3 Rb6 54. Rxb7 1-0

[Event "Leipzig VfB op 22nd"]
[Site "Leipzig"]
[Date "2015.03.04"]
[Round "2"]
[White "Just, Wolfgang"]
[Black "Kievelitz, Bernd"]
[Result "1/2-1/2"]
[WhiteElo "2138"]
[BlackElo "1953"]
[PlyCount "127"]
[EventDate "2015.03.03"]
[EventType "swiss"]
[EventRounds "9"]
[EventCountry "GER"]
[SourceTitle "EXT 2016"]
[Source "ChessBase"]
[SourceDate "2015.10.08"]
[SourceVersion "1"]
[SourceVersionDate "2015.10.08"]
[SourceQuality "1"]

1. f4 d5 2. Nf3 g6 3. e3 Bg7 4. d4 Nf6 5. c4 c6 6. Nc3 0-0 7. Bd3 Nbd7 8. 0-0 dxc4 9. Bxc4 Nb6 10. Bd3 Bg4 11. Qc2 Bxf3 12. Rxf3 e6 13. Bd2 Rc8 14. Ne4 Nxe4 15. Bxe4 Nd5 16. Raf1 Qb6 17. Bc3 c5 18. Bxd5 cxd4 19. Bxe6 fxe6 20. exd4 Bxd4+ 21. Kh1 Rc6 22. Bxd4 Qxd4 23. Qf2 Qxf2 24. R3xf2 Rfc8 25. g3 Rc2 26. Kg2 Kf7 27. Kf3 h5 28. Ke4 R2c4+ 29. Ke3 Kf6 30. Rd1 Rc2 31. Rdd2 Rxd2 32. Rxd2 Rc6 33. Ke4 Rc4+ 34. Kd3 Rc6 35. Re2 Rd6+ 36. Ke4 Rc6 37. b3 a6 38. Rd2 b5 39. h3 a5 40. g4 hxg4 41. hxg4 g5 42. f5 a4 43. Rh2 exf5+ 44. gxf5 Rc1 45. Rh6+ Kf7 46. Rb6 axb3 47. axb3 Rc5 48. b4 Rc4+ 49. Ke5 Rxb4 50. Rb7+ Ke8 51. Ke6 Re4+ 52. Kf6 g4 53. Rxb5 g3 54. Rb8+ Kd7 55. Rg8 Re3 56. Kf7 Re7+ 57. Kf6 Re3 58. Rg4 Rf3 59. Ke5 Ke7 60. Ke4 Rf1 61. Rxg3 Kf6 62. Rg6+ Kf7 63. Rg4 Kf6 64. Rg6+ 1/2-1/2

[Event "Oberliga Ost-A 1213"]
[Site "Germany"]
[Date "2013.02.03"]
[Round "7.6"]
[White "Just, Wolfgang"]
[Black "Rafayevych, Vilen"]
[Result "1-0"]
[WhiteElo "2186"]
[BlackElo "2088"]
[PlyCount "53"]
[EventDate "2012.10.14"]
[EventType "team-tourn"]
[EventRounds "11"]
[EventCountry "GER"]
[SourceTitle "EXT 2014"]
[Source "ChessBase"]
[SourceDate "2013.11.20"]
[SourceVersion "1"]
[SourceVersionDate "2013.11.20"]
[SourceQuality "1"]
[WhiteTeam "Leipzig VfB"]
[BlackTeam "Magdeburg Aufbau Elbe"]
[WhiteTeamCountry "GER"]
[BlackTeamCountry "GER"]

1. f4 e5 2. fxe5 d6 3. exd6 Bxd6 4. Nf3 g5 5. g3 g4 6. Nh4 Ne7 7. d4 Ng6 8. Nxg6 hxg6 9. Qd3 Bf5 10. e4 Qe7 11. Bg2 Nc6 12. c3 0-0-0 13. Be3 Rde8 14. Nd2 Rxh2 15. Rxh2 Bxg3+ 16. Ke2 Bxh2 17. exf5 Bf4 18. Nf1 Qg5 19. Re1 gxf5 20. Kd1 Rd8 21. Bxf4 Qxf4 22. Bxc6 bxc6 23. Ng3 Kb7 24. Nxf5 Qf2 25. Re2 Qf1+ 26. Kc2 Rd5 27. Ne3 1-0

[Event "Oberliga Ost-A 1213"]
[Site "Germany"]
[Date "2013.02.02"]
[Round "6.6"]
[White "Hoffmann, Uwe"]
[Black "Just, Wolfgang"]
[Result "0-1"]
[WhiteElo "2168"]
[BlackElo "2186"]
[PlyCount "114"]
[EventDate "2012.10.14"]
[EventType "team-tourn"]
[EventRounds "11"]
[EventCountry "GER"]
[SourceTitle "EXT 2014"]
[Source "ChessBase"]
[SourceDate "2013.11.20"]
[SourceVersion "1"]
[SourceVersionDate "2013.11.20"]
[SourceQuality "1"]
[WhiteTeam "Magdeburg Rochade"]
[BlackTeam "Leipzig VfB"]
[WhiteTeamCountry "GER"]
[BlackTeamCountry "GER"]

1. d4 e6 2. c4 f5 3. Nc3 Nf6 4. Bg5 Bb4 5. Qc2 0-0 6. e3 b6 7. Bd3 Bb7 8. f3 Qe8 9. Nge2 Qg6 10. Bxf6 Rxf6 11. Nf4 Qh6 12. 0-0-0 Nc6 13. Kb1 Nxd4 14. exd4 Qxf4 15. Ne2 Qe3 16. Qa4 Bd2 17. Qc2 Ba5 18. Qa4 c5 19. Qxd7 Rf7 20. Qa4 Rc8 21. dxc5 Bc6 22. Qa3 Rd7 23. Nc1 Bd2 24. Bc2 Qxa3 25. bxa3 bxc5 26. Bd3 Bxc1 27. Kxc1 Rd4 28. Rhe1 Ba4 29. Bc2 Rxc4 30. Rd2 Kf7 31. Kd1 Bxc2+ 32. Rxc2 Rd8+ 33. Kc1 Rxc2+ 34. Kxc2 Kf6 35. Rb1 Rd7 36. Rb5 Rc7 37. Rb8 Ke5 38. Re8 g5 39. g3 c4 40. Kc3 Kf6 41. Rf8+ Kg6 42. Re8 Rc6 43. Re7 a6 44. a4 h5 45. Re8 h4 46. gxh4 gxh4 47. a5 Kg5 48. Rb8 Kf4 49. Rb6 Rc5 50. Rxa6 e5 51. Ra8 Kxf3 52. a4 e4 53. a6 f4 54. a7 Rc7 55. a5 e3 56. a6 e2 57. Kd2 c3+ 0-1

[Event "Oberliga Ost-A 1112"]
[Site "Germany"]
[Date "2012.04.14"]
[Round "10.4"]
[White "Just, Wolfgang"]
[Black "Schoene, Maria"]
[Result "1-0"]
[WhiteElo "2189"]
[BlackElo "2199"]
[PlyCount "121"]
[EventDate "2011.09.25"]
[EventType "team-tourn"]
[EventRounds "11"]
[EventCountry "GER"]
[SourceTitle "EXT 2013"]
[Source "ChessBase"]
[SourceDate "2012.11.22"]
[SourceVersion "1"]
[SourceVersionDate "2012.11.22"]
[SourceQuality "1"]
[WhiteTeam "Leipzig VfB"]
[BlackTeam "Magdeburg Aufbau Elbe"]
[WhiteTeamCountry "GER"]
[BlackTeamCountry "GER"]

1. f4 g6 2. Nf3 c5 3. e3 Bg7 4. Nc3 d6 5. b3 e6 6. Bb2 Ne7 7. Qc1 0-0 8. Ne4 f6 9. Be2 b6 10. c4 Bb7 11. Ng3 Qd7 12. 0-0 e5 13. d4 e4 14. Nd2 f5 15. d5 Na6 16. Bxg7 Kxg7 17. Qc3+ Kg8 18. Ndxe4 fxe4 19. Nxe4 Nf5 20. g4 Qe7 21. gxf5 Qxe4 22. fxg6 hxg6 23. Rf3 Rf7 24. Kf2 Rh7 25. h3 Rf8 26. Rg1 Rg7 27. Rfg3 Qe5 28. Qc2 Nb4 29. Qb1 Qf5 30. Qxf5 Rxf5 31. a3 Na2 32. Rxg6 Rff7 33. Rxd6 Rxg1 34. Kxg1 Nc3 35. Bg4 Re7 36. Rg6+ Kf7 37. Bh5 Kf8 38. Kf2 Ne4+ 39. Ke2 Bc8 40. Bg4 Kf7 41. Rh6 Kg7 42. Rh4 Ng3+ 43. Kf3 Nf5 44. Rh5 Kg6 45. e4 Nd4+ 46. Ke3 Nc2+ 47. Kd2 Bxg4 48. hxg4 Nxa3 49. e5 b5 50. f5+ Kf7 51. f6 Re8 52. Rh7+ Kg6 53. Rg7+ Kh6 54. Rxa7 Rxe5 55. Rxa3 Kg6 56. Ra5 bxc4 57. bxc4 Kxf6 58. Rxc5 Rg5 59. Rc6+ Kf7 60. Re6 Rxg4 61. Kc3 1-0